000 00874nam a2200253 i 4500
001 000045447
003 DO-SdBNP
005 20241126121813.0
007 ta
008 150325s2003 dr ac 000 0 spa d
040 _aDO-SdBNP
_bspa
_cBNPHU
_erda
041 _hspa
082 4 _axxxx
_bT266c
_222
100 1 _aTejeda Ortíz, Dagoberto,
_d1940-
_eautor
_4aut.
_91575
245 1 4 _aLos carnavales del carnaval /
_cDagoberto Tejeda Ortiz.
264 4 _aSanto Domingo :
_bEditora Comisión Nacional de Carnaval
_bInstituto Dominicano de Folklore,
_c2003.
300 _a230 páginas :
_bilustraciones, retratos ;
_c21 cm.
336 _atexto
_btxt
_2rdacontent
337 _asin mediación
_bn
_2rdamedia
338 _avolumen
_bnc
_2rdacarrier
500 _aLa biblioteca posee 3 ejemplares autografiados por el autor.
590 _aInventariado, 2024/BT
942 _2ddc
_cLBS1
999 _c44936
_d44936